Statistics for Flags of the Americas (Very Hard)

Click here to take the quiz!

General Stats

  • This quiz has been taken 67 times
    (21 since last reset)
  • The average score is 37 of 57

Answer Stats

Answer% Correct
Argentina
100%
Bahamas
100%
Brazil
100%
Canada
100%
Chile
100%
Colombia
100%
Jamaica
100%
Mexico
100%
Panama
100%
United States
100%
Uruguay
100%
Venezuela
100%
Barbados
90%
Belize
90%
Cuba
90%
Ecuador
90%
Guatemala
90%
Haiti
90%
Honduras
90%
Nicaragua
90%
Dominica
80%
Puerto Rico
80%
Saint Lucia
80%
Trinidad and Tobago
80%
Antigua and Barbuda
70%
Dominican Republic
70%
Grenada
70%
Suriname
70%
Aruba
60%
Bolivia
60%
Greenland
60%
Guyana
60%
Paraguay
60%
Peru
60%
Saint Kitts and Nevis
50%
Saint Vincent and the Grenadines
50%
U.S. Virgin Islands
50%
Costa Rica
40%
El Salvador
40%
Anguilla
30%
Bermuda
30%
Bonaire
30%
British Virgin Islands
30%
Cayman Islands
30%
Curaçao
30%
Falkland Islands
30%
French Guiana
30%
Guadeloupe
30%
Martinique
30%
Montserrat
30%
Saba
30%
Saint-Barthélemy
30%
Saint-Martin
30%
Saint-Pierre and Miquelon
30%
Sint Eustatius
30%
Sint Maarten
30%
Turks and Caicos Islands
30%

Score Distribution

Percentile by Number Answered

Percent of People with Each Score

Your Score History

You have not taken this quiz since the last reset